000 00719nam a2200205Ii 4500
003 JO-AjNU
008 230605s9999||||xx |||||||||||||| ||und||
040 _aJO-AjNU
_bara
_erda
_cJO-AjNU
041 _aara
050 1 4 _aBP170.K422 1982
100 3 _aالخطيب، عبد الكريم,
_eauthor
_915180
245 0 0 _aالإسلام في مواجهة الماديين والملحدين
250 _aط4
264 3 1 _aبيروت- القاهرة: دار الشروق، 1982
300 _a223ص
336 _atext
_btxt
_2rdacontent
337 _aunmediated
_bn
_2rdamedia
338 _avolume
_bnc
_2rdacarrier
650 4 _aالاسلام- دفع مطاعن- الاسلام والالحاد والملحدون
_915181
999 _aA4226
_c7794
_d7794